Normal view
MARC view
- العمليات العقلية الذهنية-الذكاء -تطور الشخصية-النمو
Entry Topical Term
001 - CONTROL NUMBER
- control field: 61059
003 - CONTROL NUMBER IDENTIFIER
- control field: JO-AjAnu
005 - DATE AND TIME OF LATEST TRANSACTION
- control field: 20230606083958.0
008 - FIXED-LENGTH DATA ELEMENTS
- fixed length control field: 230606|| aca||aabn | a|a d
040 ## - CATALOGING SOURCE
- Original cataloging agency: JO-AjAnu
- Transcribing agency: JO-AjAnu
150 ## - HEADING--TOPICAL TERM
- Topical term or geographic name entry element: العمليات العقلية الذهنية-الذكاء -تطور الشخصية-النمو
670 ## - SOURCE DATA FOUND
- Source citation: Work cat.: (JO-AjAnu)31143: تأليف العريمي، ايمن؛ التدقيق اللغوي سامي صقر, author 61058, زيادة قدراتك الذهنية وتفعيل طاقاتك الكامنة